| 000 | 00527nam a22001932 4500 | ||
|---|---|---|---|
| 001 | 0000003172 | ||
| 005 | 20170406114815.0 | ||
| 008 | 140528s xx 000 0 eng d | ||
| 020 |
_a9780521095105 : _c$ |
||
| 040 |
_aYour Holding Symbol _cYour Holding Symbol |
||
| 100 | 1 | _aLyons John. | |
| 245 | 1 | 0 |
_aIntroduction to : _btheoretical linguistics. |
| 250 | _a ed. | ||
| 260 |
_aNew york : _bCambrdge, _c1968. |
||
| 300 |
_a519 p. ; _c cm. |
||
| 504 | _aindex. | ||
| 650 | 0 | _alinguistics. | |
| 908 | _a140528 | ||
| 999 |
_c3051 _d3051 |
||